| 000 | 00432nam a22001817a 4500 | ||
|---|---|---|---|
| 003 | CEME | ||
| 005 | 20210628202148.0 | ||
| 008 | 210128b xxu||||| |||| 00| 0 eng d | ||
| 020 | _a0-7432-0473-5 | ||
| 040 | _c. | ||
| 082 | _a923.1 WOO | ||
| 100 |
_aWoodward, Bob _937767 |
||
| 245 | _aBush at war | ||
| 260 |
_aNEW YORK _bSIMON AND SCHUSTER _c2002 |
||
| 300 | _aXIX,378P | ||
| 650 |
_aBUSH AT WAR _958527 |
||
| 942 |
_cBK _2ddc |
||
| 999 |
_c568713 _d568713 |
||